000 00580nam a2200217Ia 4500
003 OSt
005 20221005130149.0
006 a|||||r|||| 00| 0
007 ta
008 221004b |||||||| |||| 00| 0 san d
024 _a65361
037 _cTextual
040 _aCRL
_cCRL
_bsan
041 _2san
_asan
082 _aLA:6x1:1K, 15F5
100 _aVaidya Narayanan Au.
_9637683
245 0 _aRajanighantu samhita dhanavavtarya ynighantu
260 _c1925
942 _hLA:6x1:1K, 15F5
_cTEXL
_2cc
999 _c1056288
_d1056288